00801cam a22002173a 45000010005000000030006000050050017000110080041000280400015000690420007000840500010000911000060001012450176001612600029003375060030003665160020003966530034004166530064004508300028005148560041005428928PGUSA20140828083206.0050901s2005||||xxu|||||s|||||000 | eng d aPGUSAbeng adc 4aF22011 aSherwell, Guillermo A.q(Guillermo Antonio),d1878-192610aSimón Bolívar (The Liberator) :bPatriot, Warrior, Statesman, Father of Five Nations, a Sketch of His Life and His Workh[electronic resource] /cGuillermo A. Sherwell bProject Gutenberg,c2005 aPublic domain in the USA. aElectronic text aBolívar, Simón, 1783-1830 aSouth America -- History -- Wars of Independence, 1806-1830 0aProject Gutenbergv892840uhttp://www.gutenberg.org/ebooks/8928